| 000 | 00572nam a2200193Ia 4500 | ||
|---|---|---|---|
| 003 | GCL | ||
| 008 | 140319s9999 xx 000 0 ara d | ||
| 040 |
_aGCL / _cGCL |
||
| 082 | 0 | 4 |
_a621.381 _bا م |
| 100 | 1 | _aاحمد لطفى | |
| 245 | 1 | 0 |
_aالمتخصص فى الالكترونيات العملية / _cاحمد لطفى |
| 300 | _a280 ص | ||
| 490 | _a | ||
| 650 | 0 | 4 | _aالدوائر الالكترونية |
| 650 | 0 | 4 | _aالتحكم الالكترونى |
| 650 | 0 | 4 | _aالعدادات الرقمية |
| 650 | 0 | 4 | _aالالكترونيات |
| 942 |
_2ddc _cBK |
||
| 999 |
_c47866 _d47866 |
||